| 000 | 00456nam a2200169Ia 4500 | ||
|---|---|---|---|
| 005 | 20240502033418.0 | ||
| 008 | 240331s9999 xx 000 0 und d | ||
| 020 | _a9558610089 | ||
| 082 |
_bDIA _a331.62 |
||
| 100 | _aDias,Malsiri | ||
| 245 | 0 |
_aSri Lanka migrant garment factoy workers : _bmauritius and sultanate of Oman |
|
| 260 |
_aColombo _bCentre for Women's research _c2002 |
||
| 300 | _a112 p ., | ||
| 650 | _alaws | ||
| 650 | _aWoman | ||
| 942 | _cL | ||
| 999 |
_c4588 _d4588 |
||